Online
Catalog

Economía y cooperativismo (Record no. 48765)

MARC details
000 -CABECERA
campo de control de longitud fija 00846nam a2200277 4500
001 - NÚMERO DE CONTROL
campo de control 49277
003 - IDENTIFICADOR DEL NÚMERO DE CONTROL
campo de control OSt
005 - FECHA Y HORA DE LA ÚLTIMA TRANSACCIÓN
campo de control 20201217125634.0
008 - DATOS DE LONGITUD FIJA--INFORMACIÓN GENERAL
campo de control de longitud fija 780818s1971 dr 000 0 spa
010 ## - NÚMERO DE CONTROL DE LA BIBLIOTECA DEL CONGRESO
Número de control de LC
035 ## - NÚMERO DE CONTROL DEL SISTEMA
Número de control de sistema
040 ## - FUENTE DE LA CATALOGACIÓN
Centro catalogador/agencia de origen DO-SdBNP
Lengua de catalogación spa
Centro/agencia transcriptor BNPHU
Centro/agencia modificador
042 ## - CÓDIGO DE AUTENTICACIÓN
Código de autenticación
050 ## - SIGNATURA TOPOGRÁFICA DE LA BIBLIOTECA DEL CONGRESO
Número de clasificación
Número de documento/Ítem
082 ## - NÚMERO DE LA CLASIFICACIÓN DECIMAL DEWEY
Número de clasificación 334.7293
Número de documento/Ítem L817e
100 2# - ENTRADA PRINCIPAL--NOMBRE DE PERSONA
Nombre de persona Lockward Artiles, Andrés.
9 (RLIN) 76552
245 10 - MENCIÓN DE TÍTULO
Título Economía y cooperativismo
Resto del título (incidencia del cooperativismo en la economía dominicana) /
Mención de responsabilidad, etc. Andrés Lockward Artiles
260 ## - PUBLICACIÓN, DISTRIBUCIÓN, ETC.
Lugar de publicación, distribución, etc. [Santo Domingo]
Nombre del editor, distribuidor, etc. Editora del Caribe,
Fecha de publicación, distribución, etc. 1971
300 ## - DESCRIPCIÓN FÍSICA
Extensión 179 p. ;
Dimensiones 23 cm.
590 ## - NOTA LOCAL (RLIN)
Nota local Inventariado, 2020/VM
650 #7 - PUNTO DE ACCESO ADICIONAL DE MATERIA--TÉRMINO DE MATERIA
Término de materia o nombre geográfico como elemento de entrada Sociedades cooperativas
Subdivisión geográfica República Dominicana
9 (RLIN) 76723
650 ## - PUNTO DE ACCESO ADICIONAL DE MATERIA--TÉRMINO DE MATERIA
Término de materia o nombre geográfico como elemento de entrada Cooperativismo
Subdivisión geográfica República Dominicana.
9 (RLIN) 6536
906 ## - ELEMENTOS DE DATOS F LOCAL, LDF (RLIN)
a
b
c
d u
e
f
g
942 ## - ELEMENTOS DE PUNTO DE ACCESO ADICIONAL (KOHA)
Fuente del sistema de clasificación o colocación Dewey Decimal Classification
Tipo de ítem Koha Libros y folletos
956 ## - LOCALIZACIÓN Y ACCESO ELECTRÓNICOS LOCAL (OCLC)
Nombre del host VMateo
Holdings
Estado de retiro Estado de pérdida Fuente del sistema de clasificación o colocación Restricciones de uso No para préstamo Código de colección Localización permanente Ubicación/localización actual Ubicación en estantería Fecha de adquisición Fuente de adquisición Total de préstamos Signatura topográfica completa Código de barras Fecha visto por última vez Precio válido a partir de Tipo de ítem Koha Nota pública
    Dewey Decimal Classification Excluido de préstamo Excluido de préstamo Patrimonio Dominicano Biblioteca Nacional Pedro Henríquez Ureña Patrimonio Dominicano Depósito 01.10.2020 Reyes Duluc   BNPHU PD 334.7293 L817e 2020-0071 01.10.2020 01.10.2020 Libro y Folleto Colección Patrimonio Dominicano Perteneció a la biblioteca personal de la Familia Reyes Duluc

Powered by Koha